000 00832nas a2200301 4500
001 BR9503395
003 BR-BrBNA
005 20231205094420.0
007 ta
008 230509b bl.|||p| |||| 00| 00por d
040 _aBR-BrBNA
_bpor
_cBiblioteca Nacional de Agricultura
041 _a(Pt)
072 _aL72
100 1 _aMoretto, G.
100 1 _aPilatti, A.
100 1 _aCassini, F.L.
100 1 _aDelatorre, S.F.
100 1 _aPuttkammer, E.
100 1 _aBonetto, L.C.
245 1 _aVarroatose em colonias de abelhas em Santa Catarina
650 _aAbelha
650 _aAcaro
650 _aVarroase
650 _aSanta Catarina
773 0 _tAgropecuaria Catarinense (Brazil)
_xISSN 0103-0779
_g(Mar 1995), v. 8(1) p. 23-24
_wBR9503395
909 _a202311
_bLúcia
_c55
_dLúcia Elande
942 _2AGRIS
_n0
_cANA
999 _c144159
_d144159